MARC

LEADER 00000nam a2200000Ii 4500
001 DIGLINK00309
003 NyNyDIG
006 m o d
007 cr |||||||||||
008 140101s2011 sp o 000 0 spa d
020 |a 9788499531045  |q (eBook) 
020 |z 9788499531052 
040 |a DGITA  |b eng  |e pn  |c DGITA 
050 1 4 |a PQ7797.A66 eBook 
100 1 |a Arlt, Roberto,  |d 1900-1942,  |e author. 
245 1 3 |a El juguete rabioso /  |c Roberto Arlt. 
264 1 |a Barcelona :  |b www.Linkgua.com,  |c 2011.  
300 |a 1 online resource (130 pages) 
336 |a text  |b txt  |2 rdacontent 
337 |a computer  |b c  |2 rdamedia 
338 |a online resource  |b cr  |2 rdacarrier 
490 1 |a Narrativa. 
650 0 |a Argentine literature  |y 20th century.  
650 0 |a Teenage boys  |z Argentina  |z Buenos Aires  |v Fiction.  
650 0 |a Poor teenagers  |z Argentina  |z Buenos Aires  |v Fiction.  
650 0 |a Dropouts  |z Argentina  |z Buenos Aires  |v Fiction.  
651 0 |a Buenos Aires (Argentina)  |y 20th century  |v Fiction.  
655 0 |a Electronic books. 
791 2 |a Digitalia (Firm),  |e distributor. 
830 0 |a Narrativa (Linkgua Ediciones) 
793 0 |g Digitalia eBook Collection:  |a Linkgua. 
856 4 0 |3 Digitalia Hispánica  |u https://www.digitaliapublishing.com/a/13490/ 
910 |a Premium Collection: 2007-2012